Voces de la diversidad. Tradición oral y currículum bilingüe.

Enregistré dans:
Détails bibliographiques
Auteur principal: Pérez López, María Soledad (autor)
Autres auteurs: Castillo Hernández, Mario Alberto (autor) (autor)
Format: Livre
Langue:espagnol
Sujets:
Tags: Ajouter un tag
Pas de tags, Soyez le premier à ajouter un tag!

MARC

LEADER 00000nam^a2200000^u^4500
001 000522275
005 20250521000000.0
008 120628s1000^^^^^^^^^^^^r^^^^^000^0^spa^d
009 20260310130540.796
022 |a 9786074130621 
035 |a FCE 000066516 
037 |a Acervo ITESO - Biblioteca 
041 |a spa 
082 0 4 |a 897.452  |b PERt 
100 |a Pérez López, María Soledad  |e (autor) 
245 1 0 |a Voces de la diversidad.  |b Tradición oral y currículum bilingüe. 
264 |a México:  |b UPN,  |c 2010. 
300 |a 108 p. 
336 |a texto  |b txt  |2 rdacontenido 
337 |a sin mediación  |b n  |2 rdamedio 
338 |a volumen  |b nc  |2 rdasoporte 
649 |a XX 
650 |a Literatura 
650 |a Folclore 
650 |a Indios de México 
700 |a Castillo Hernández, Mario Alberto  |e (autor) 
910 |a Fondo Centro de Estudios Educativos 
920 |a Impresos - Libros 
930 |a Fondos Especiales 
905 |a 133 
901 |a ALE072023  |b IT2  |c CEE  |u 20250521 
901 |a ALE074710  |b IT2  |c CEE  |u 20250521 
902 |a https://opac.biblio.iteso.mx/vufind/Record/000522275